000 00214nam a2200109Ia 4500
100 _aReddy/Nirdosh
942 _cBK
245 _aBecoming Globally competitive
260 _bnone
546 _aENGLISH
999 _c20300
_d20300